Noms de famille Harry Potter en français - Statistiques

Statistiques générales
  • Ce quiz a été pris 734 fois
  • Le résultat moyen est 53 sur 68
Statistiques - réponses
Hint Réponse % Correct
Hermione Granger
100%
Harry Potter
100%
Sirius Black
99%
Ron Weasley
99%
Severus Rogue
98%
Albus Dumbledore
97%
Bellatrix Lestrange
97%
Remus Lupin
97%
Fleur Delacour
96%
Rubeus Hagrid
96%
Tom Elvis Jedusor
95%
Luna Lovegood
95%
Drago Malefoy
94%
Minerva McGonagall
94%
Viktor Krum
93%
Dolores Ombrage
93%
Nymphadora Tonks
93%
Vernon Dursley
92%
Neville Londubat
92%
Alastor Maugrey
91%
Olivier Dubois
89%
Argus Rusard
89%
Barty Croupton
88%
Gilderoy Lockhart
88%
Padma Patil
86%
Horace Slughorn
86%
Quirinus Quirell
85%
Dean Thomas
85%
Katie Bell
84%
Lavande Brown
84%
Filius Flitwick
84%
Rita Skeeter
84%
Lily (Nom de jeune fille) Evans
83%
Pomona Chourave
82%
Sibylle Trelawney
82%
Vincent Crabbe
81%
Gregory Goyle
81%
Nicolas Flamel
80%
Lee Jordan
80%
Bathilda Tourdesac
80%
Mondingus Fletcher
79%
Igor Karkaroff
79%
Fenrir Greyback
76%
Olympe Maxime
76%
Hannah Abbot
71%
Renée Bibine
71%
Colin Crivey
71%
Angelina Johnson
70%
Alecto Carrow
67%
Merope Gaunt
67%
Cormac McLaggen
67%
Romilda Vane
64%
Bertie Crochue
62%
Elphias Doge
62%
Ernie MacMillan
61%
Stan Rocade
61%
Antonin Dolohov
60%
Penelope Deauclaire
59%
Charity Burbage
58%
Rufus Scrimgeour
58%
Arabella Figg
57%
Aurora Sinistra
57%
Millicent Bulstrode
54%
Dedalus Diggle
49%
Kingsley Shacklebolt
46%
Michael Corner
42%
Gideon Prewett
42%
Florian Fortarome
40%
Aucun quiz correspondant
Distribution des résultats
% des personnes avec chaque résultat
Percentile par nombre de réponses
Votre historique - résultats
Vous n’avez pas pris ce quiz